[Event "4th V.Nabokov Mem"]
[Site "Kyiv UKR"]
[Date "2006.04.09"]
[Round "8"]
[White "Dolzhikova,K"]
[Black "Koziak,V"]
[Result "0-1"]
[WhiteElo "2284"]
[BlackElo "2462"]

1.e4 c5 2.c3 Nf6 3.e5 Nd5 4.Nf3 Nc6 5.Na3 g6 6.d4 cxd4 7.cxd4 Bg7 8.Qb3 Nb6
9.Bf4 d6 10.exd6 Be6 11.Qd1 O-O 12.Be2 Nd5 13.Bg3 Qa5+ 14.Kf1 a6 15.Nc4 Qd8
16.dxe7 Ndxe7 17.Nce5 Bd5 18.Nxc6 Nxc6 19.h3 Nxd4 20.Nxd4 Bxd4 21.Bf3 Bxb2
22.Rb1 Bxf3 23.Qxf3 Qd4 24.Qb3 Bc3 25.Qxb7 Qc4+ 26.Kg1 Qxa2 27.Kh2 a5 28.Rhd1 a4
29.Rbc1 Bg7 30.Rd7 Qb2 31.Rxf7 Qxb7 32.Rxb7 a3 33.Bd6 Rxf2 34.Rcc7 Bd4 35.Bxa3 Rxa3
36.Rc8+ Rf8 37.Rxf8+ Kxf8 38.Rxh7 Be5+ 39.Kg1 Bg3  0-1

[Event "Mephisto Schloss Open A"]
[Site "Werther GER"]
[Date "2006.04.09"]
[Round "6"]
[White "Braun,Vi"]
[Black "Ivanov,MM"]
[Result "1-0"]
[WhiteElo "2272"]
[BlackElo "2447"]

1.e4 c5 2.c3 Nf6 3.e5 Nd5 4.d4 cxd4 5.cxd4 g6 6.Nf3 Bg7 7.Bc4 Nb6 8.Bb3 O-O
9.O-O d6 10.h3 Nc6 11.Bf4 a5 12.exd6 a4 13.Bc2 Nc4 14.dxe7 Qxe7 15.b3 Nb2
16.Qd2 Qb4 17.Be5 f6 18.Bf4 a3 19.Be4 Rd8 20.Bxc6 Qxd2 21.Nbxd2 bxc6 22.Bc7 Rd7
23.Bb6 Ba6 24.Rfc1 Bb5 25.Rc3 Nd3 26.Nc4 Nf4 27.Rc2 Ra6 28.Bc5 Ne6 29.Nd6 Nc7
30.Re1 Bh6 31.Nc4 Bxc4 32.Rxc4 Kf7 33.Re2 Nb5 34.Rec2 Rd8 35.Ra4 Rda8 36.Rxa6 Rxa6
37.Kf1 Ke6 38.Ke2 Nc7 39.Kd3 Kd5 40.g3 Ne6 41.Rc4 Ra5 42.Bb4 Ra8 43.Ng1 Bf8
44.Bxf8 Rxf8 45.Ne2 f5 46.Ra4 f4 47.g4 f3 48.Nc3+ Kd6 49.Ne4+ Kc7 50.Rxa3 Nf4+
51.Ke3 Nd5+ 52.Kd3 Nf4+ 53.Kc4 h5 54.gxh5 gxh5 55.Ra7+ Kb8 56.Rh7 Re8 57.Nd6 Re2
58.Kc5 Rc2+ 59.Nc4 Rxf2 60.Kb6 Nd5+ 61.Kxc6 Nb4+ 62.Kb6 Nd5+ 63.Kc5 Nf6 64.Rf7 Ne4+
65.Kb6 Kc8 66.Ne5 Kd8 67.Rxf3 Rxa2 68.b4 Ke7 69.Re3 Nd2 70.Nc4+ Kd7 71.Nxd2 Rxd2
72.Re4 Kd6 73.Rh4  1-0

[Event "7th ch-Euro w"]
[Site "Kusadasi TUR"]
[Date "2006.04.10"]
[Round "7"]
[White "Burtasova,A"]
[Black "Motoc,A"]
[Result "1-0"]
[WhiteElo "2274"]
[BlackElo "2342"]

1.e4 c5 2.c3 Nf6 3.e5 Nd5 4.Nf3 e6 5.Bc4 d6 6.O-O Nc6 7.d4 Nb6 8.Bb5 Bd7
9.dxc5 dxc5 10.Qe2 Be7 11.Rd1 Qc7 12.Bf4 Nd5 13.Bg3 g5 14.Rxd5 exd5 15.e6 Bd6
16.exd7+ Kf8 17.Bxc6 Qxc6 18.Ne5 Qc7 19.Na3 a6 20.Re1 f6 21.Nf7 Kxf7 22.Qe6+ Kg6
23.Bxd6 Qc6 24.g4 Kg7 25.h4 Rhd8 26.hxg5 Rxd7 27.gxf6+ Kg6 28.Qf5+ Kf7 29.Qxh7+ Kxf6
30.Be7+  1-0

[Event "CCF Easter"]
[Site "Coulsdon ENG"]
[Date "2006.04.12"]
[Round "6"]
[White "Khantuev,A"]
[Black "Tavoularis,N"]
[Result "1/2-1/2"]
[WhiteElo "2286"]
[BlackElo "2193"]

1.e4 c5 2.c3 Nf6 3.e5 Nd5 4.d4 cxd4 5.Nf3 Nc6 6.Bc4 Nb6 7.Bb3 d6 8.exd6 Qxd6
9.O-O Be6 10.Bxe6 Qxe6 11.Nxd4 Nxd4 12.Qxd4 Rd8 13.Qf4 g6 14.Na3 Bg7 15.Be3 O-O
16.Rfe1 Nd5 17.Qc4 Rc8 18.Qb3 a6 19.Rad1 Rfd8 20.Bg5 Qc6 21.c4 Nf6 22.h3 Rxd1  1/2-1/2

[Event "CCF Easter"]
[Site "Coulsdon ENG"]
[Date "2006.04.12"]
[Round "6"]
[White "Lyell,Ma"]
[Black "Gormally,D"]
[Result "1-0"]
[WhiteElo "2235"]
[BlackElo "2554"]

1.e4 c5 2.c3 Nf6 3.e5 Nd5 4.d4 cxd4 5.Nf3 Nc6 6.Bc4 Nb6 7.Bb3 d5 8.exd6 Qxd6
9.O-O Be6 10.Bxe6 Qxe6 11.Nxd4 Nxd4 12.Qxd4 Rd8 13.Qh4 Qe2 14.Bd2 Rxd2 15.Nxd2 Qxd2
16.Rfd1 Qxb2 17.a4 Nc8 18.Rab1 Qe2 19.Qd4 Nd6 20.Rxb7 f6 21.Rxa7 Ne4 22.Rb1 Kf7
23.Rab7 Ng5 24.h4 Ne6 25.Qd5 Kg6 26.R7b2 Qg4 27.Rb4 Qe2 28.Re4 Qc2 29.Rb5  1-0

[Event "7th ch-Euro w"]
[Site "Kusadasi TUR"]
[Date "2006.04.12"]
[Round "8"]
[White "Andersson,C"]
[Black "Bulmaga,I"]
[Result "1-0"]
[WhiteElo "2170"]
[BlackElo "2088"]

1.e4 c5 2.c3 Nf6 3.e5 Nd5 4.d4 cxd4 5.Qxd4 e6 6.Nf3 Nc6 7.Qe4 f5 8.exf6 Nxf6
9.Qh4 d5 10.Bd3 Bd6 11.Ng5 Ne5 12.Bc2 Nf7 13.O-O Nxg5 14.Bxg5 Bd7 15.Nd2 Kf7
16.c4 h6 17.Bxf6 Qxf6 18.Qxf6+ gxf6 19.cxd5 exd5 20.Bb3 Be6 21.Nf3 Be5 22.Rad1 Rhd8
23.Nxe5+ fxe5 24.f4 exf4 25.Rxf4+ Kg7 26.Rd3 Rac8 27.Rg3+ Kh7 28.Rf6 Rf8
29.Rxf8 Rxf8 30.Bc2+ Kh8 31.Rg6 Bd7 32.Rxh6+ Kg8 33.h3 Bc6 34.Bb3 Rd8 35.Kf2 Kg7
36.Re6 d4 37.Re2 Rf8+ 38.Ke1 Bb5 39.Rf2 Re8+ 40.Kd1 Ba6 41.Bd5 Re5 42.Bb3 Kh6
43.Kd2 d3 44.Bd1 Rc5 45.b4 Rc7 46.Rf5 Kg6 47.Rc5 Rxc5 48.bxc5 Kg5 49.Bf3 Kf4
50.h4 b6 51.c6 Kf5 52.g4+ Kf4 53.g5 Kf5 54.Ke3 Bc4 55.Be4+ Ke6 56.Bxd3 Bxa2
57.h5 Kf7 58.c7  1-0

[Event "CCF Easter"]
[Site "Coulsdon ENG"]
[Date "2006.04.13"]
[Round "9"]
[White "Lyell,Ma"]
[Black "Snape,I"]
[Result "1/2-1/2"]
[WhiteElo "2235"]
[BlackElo "2227"]

1.e4 c5 2.c3 Nf6 3.e5 Nd5 4.Nf3 Nc6 5.d4 cxd4 6.Bc4 e6 7.cxd4 d6 8.O-O Be7
9.Qe2 O-O 10.Rd1 Na5 11.Bxd5 exd5 12.Nc3 Be6 13.Bf4 a6 14.exd6 Bxd6 15.Bxd6 Qxd6
16.Qe5 Nc4 17.Qxd6 Nxd6 18.Rac1 b5 19.Ne5 Rfc8 20.Nd3 Rc4 21.Ne2 Rac8 22.Nc5 Rxc1
23.Rxc1 a5 24.f3 Kf8 25.Nd3 Rxc1+ 26.Ndxc1 Ke7 27.Nd3 b4 28.Kf2 Nb5 29.Ke3 Bf5
30.Ne5 Na7 31.Nf4 Be6 32.Ned3 g5 33.Nxe6 Kxe6 34.Nc5+ Ke7 35.f4 f6 36.Nd3 Nc6
37.g4 Kd6 38.fxg5 fxg5 39.Ne1 Nd8 40.Nf3 Ne6 41.h4 gxh4 42.Nxh4 Ke7 43.Ng2 Kf6
44.Nf4 Nc7 45.Kf3 Kg5 46.Kg3 Nb5 47.Nxd5 Nxd4 48.Nf4 a4 49.Nd3 a3 50.bxa3 bxa3
51.Ne5 Ne2+ 52.Kf3 Nc3 53.Nc4 Nxa2 54.Nxa3 h5 55.gxh5 Kxh5  1/2-1/2

[Event "43rd ch-IND"]
[Site "Visakhapatnam IND"]
[Date "2006.04.13"]
[Round "15"]
[White "Sivanandan,B"]
[Black "Sundararajan,K"]
[Result "1/2-1/2"]
[WhiteElo "2452"]
[BlackElo "2495"]

1.e4 c5 2.c3 Nf6 3.e5 Nd5 4.d4 cxd4 5.Nf3 Nc6 6.cxd4 d6 7.a3 e6 8.Bc4 Nb6
9.Bb5 dxe5 10.Nxe5 Bd7 11.Bxc6 Bxc6 12.Nxc6 bxc6 13.O-O Be7 14.Be3 O-O 15.Qc2 Rc8
16.Nd2 Nd5 17.Nb3 Rb8 18.Rab1 Qb6 19.Nc5 Bxc5 20.dxc5 Qb3 21.Qe4 Rfe8 22.Rfe1 e5
23.h4 Re6 24.Rbd1 Rf8 25.Bc1 f5 26.Qd3 Qb7 27.b4 a6 28.Qc4 Rfe8 29.Bb2 e4
30.Rd4 Qe7 31.h5 f4 32.Rxd5 cxd5 33.Qxd5 Qf7 34.a4 e3 35.f3 Rb8 36.Bc3 Re7
37.Qd6 Rbe8 38.Qxa6 Qb3 39.Qd3 Qxa4 40.Qc4+ Rf7 41.h6 Qc2 42.Re2 Qc1+ 43.Re1 Qc2
44.Re2 Qc1+ 45.Re1 Qc2  1/2-1/2

[Event "44th Doeberl Cup"]
[Site "Canberra AUS"]
[Date "2006.04.14"]
[Round "2"]
[White "Krawcheni,A"]
[Black "Stojic,D"]
[Result "0-1"]
[WhiteElo "2075"]
[BlackElo "2054"]

1.e4 c5 2.c3 Nf6 3.e5 Nd5 4.d4 cxd4 5.cxd4 Nc6 6.Nf3 d6 7.Bc4 Nb6 8.Bb3 e6
9.O-O Be7 10.exd6 Qxd6 11.Nc3 O-O 12.Be3 Nd5 13.Ne4 Nxe3 14.fxe3 Qd8 15.a3 f5
16.Nc3 Bf6 17.Rc1 Kh8 18.Nd2 Bg5 19.Re1 Nxd4 20.Bc4 Nc6 21.Qe2 Ne5 22.Nf3 Bxe3+  0-1

[Event "44th Doeberl Cup"]
[Site "Canberra AUS"]
[Date "2006.04.14"]
[Round "2"]
[White "Smerdon,D"]
[Black "Bird,A"]
[Result "0-1"]
[WhiteElo "2460"]
[BlackElo "2175"]

1.e4 c5 2.c3 Nf6 3.e5 Nd5 4.Nf3 e6 5.d4 cxd4 6.cxd4 d6 7.Bc4 Nc6 8.Qe2 Be7
9.O-O O-O 10.Nc3 Nxc3 11.bxc3 dxe5 12.dxe5 Qa5 13.Rb1 Qxc3 14.Rd1 Qa5 15.Qe4 Qa4
16.Bd2 Bd7 17.Bg5 Rad8 18.h4 h6 19.Bd2 Bc8 20.Rdc1 Rd7 21.Qg4 Kh8 22.Bxe6 Rd4
23.Nxd4 Bxe6 24.Nxc6 Qxg4 25.Nxe7 b6 26.Rc7 Ra8 27.Re1 Bxa2 28.f4 Rd8 29.Be3 Qxh4
30.Rf1 Qg4 31.Rxa7 Bc4 32.Rf3 Rd1+ 33.Kh2 b5 34.f5 Rf1 35.Rh3 Qd1 36.e6 Rh1+
37.Kg3 Rxh3+ 38.gxh3 fxe6 39.Ng6+ Kh7 40.Nf8+ Kg8 41.Nxe6 Bxe6 42.fxe6 Qd6+
43.Kf2 Qxe6 44.Bd4 Qf5+ 45.Kg1 Qb1+ 46.Kf2 Qc2+ 47.Ke3 Qb3+ 48.Ke4 Qe6+ 49.Be5 Qc6+
50.Kf4 Qc1+ 51.Kf5 Qf1+ 52.Ke6 Qxh3+ 53.Kd6 Qd3+ 54.Kc5 Qe3+ 55.Bd4 Qg5+
56.Kb4 h5 57.Ra5 Qg4 58.Kc5 b4 59.Rb5 h4 60.Rxb4 h3  0-1

[Event "KB Bank"]
[Site "Reykjavik ISL"]
[Date "2006.04.14"]
[Round "5"]
[White "Shaw,J"]
[Black "Sigfusson,S"]
[Result "0-1"]
[WhiteElo "2439"]
[BlackElo "2309"]

1.e4 c5 2.c3 Nf6 3.e5 Nd5 4.d4 cxd4 5.cxd4 d6 6.Nf3 Nc6 7.Bd2 e6 8.Nc3 Nxc3
9.Bxc3 d5 10.Bd3 Be7 11.h4 Bd7 12.Qd2 Qb6 13.Rc1 h6 14.h5 a5 15.Rh3 Kd8 16.Rg3 Bf8
17.Qf4 Be8 18.Nd2 a4 19.a3 Rc8 20.Rg4 Rc7 21.Bc2 Qa6 22.Qg3 Ne7 23.Nf1 b5
24.Ne3 Nc6 25.Bd3 Qb6 26.Nc2 b4 27.axb4 Nxb4 28.Nxb4 Bxb4 29.Kd2 a3 30.bxa3 Bxc3+
31.Rxc3 Rxc3 32.Qh4+ Kc8 33.Kxc3 Qa5+ 34.Kb2 Qd2+ 35.Ka1 Qxd3 36.Rg3 Qd1+
37.Kb2 Qd2+ 38.Kb3 Bb5 39.Rxg7 Bc4+ 40.Ka4 Qb2  0-1

[Event "VII TCh-RUS w"]
[Site "Sochi RUS"]
[Date "2006.04.21"]
[Round "2"]
[White "Mokhova,K"]
[Black "Shumiakina,T"]
[Result "0-1"]
[WhiteElo "2156"]
[BlackElo "2341"]

1.e4 c5 2.c3 Nf6 3.e5 Nd5 4.d4 cxd4 5.Nf3 e6 6.cxd4 d6 7.Bd3 dxe5 8.Nxe5 Nd7
9.O-O Nxe5 10.dxe5 Bd7 11.Nd2 Bc6 12.Nf3 Nb4 13.Be2 Qxd1 14.Rxd1 Bc5 15.Bd2 Nd5
16.Rac1 Bb6 17.b3 O-O 18.a4 a5 19.Rc4 Ne7 20.Bc1 Bd5 21.Rc3 Rfc8 22.Bc4 Ng6
23.Bb2 Nf4 24.Kf1 Be4 25.Re1 Bc6 26.Ba3 h6 27.Bd6 g5 28.h3 Ng6 29.Rec1 Be4
30.Be2 Rc6 31.Nd2 Rxc3 32.Rxc3 Bc6 33.Nc4 Bd4 34.Rd3 Ba1 35.g3 Be4 36.Rd1 Bc3
37.Bd3 Bf3 38.Be2 Bc6 39.Bc7 Rc8 40.Bxa5 Bxa5 41.Nxa5 Nxe5 42.Nxc6 Rxc6 43.b4 Rc7
44.a5 Kf8 45.b5 Ke7 46.b6 Rc3 47.Rb1 Nc6 48.a6 bxa6 49.Bxa6 Nb8 50.Bb5 f5
51.Ke2 e5 52.b7 Rc5 53.Ba4 Kd6 54.Rb6+ Kc7 55.Rxh6 Kxb7 56.Rg6 Ra5 57.Bb3 Nc6
58.Bg8 Nd4+ 59.Kf1 e4 60.Ke1 f4 61.gxf4 gxf4 62.Rg4 Nf3+ 63.Kd1 Ra1+ 64.Kc2 Ne1+
65.Kd2 Nf3+ 66.Kc3 Rc1+ 67.Kb4 Ne5 68.Bd5+ Kb6 69.Rg2 f3 70.Rg7 Nd3+ 71.Kb3 Nc5+
72.Kb4 Nd3+ 73.Kb3 Nxf2 74.Rb7+ Ka6 75.Re7 Nd3 76.Bc4+ Kb6 77.Rf7 Rxc4  0-1

[Event "XXIV Open"]
[Site "Metz FRA"]
[Date "2006.04.22"]
[Round "1"]
[White "Vandervorst,M"]
[Black "Savchenko,S"]
[Result "0-1"]
[WhiteElo "1926"]
[BlackElo "2495"]

1.e4 c5 2.c3 Nf6 3.e5 Nd5 4.Nf3 Nc6 5.Bc4 Nb6 6.Bb3 c4 7.Bc2 Qc7 8.Qe2 g5
9.Nxg5 Qxe5 10.Qxe5 Nxe5 11.f4 Nd3+ 12.Bxd3 cxd3 13.O-O d5 14.Nf3 Rg8 15.Ne1 Bf5
16.Rf3 Be4 17.Rg3 Rxg3 18.hxg3 e6 19.b3 Bc5+ 20.Kh2 O-O-O 21.Nf3 Bf2 22.g4 Rg8
23.g5 h6 24.c4 hxg5 25.Nxg5 f6 26.Nh3 Rxg2+  0-1

[Event "XIII TCh-RUS"]
[Site "Sochi RUS"]
[Date "2006.04.22"]
[Round "3"]
[White "Deviatkin,A"]
[Black "Amonatov,F"]
[Result "1/2-1/2"]
[WhiteElo "2531"]
[BlackElo "2569"]

1.e4 c5 2.c3 Nf6 3.e5 Nd5 4.d4 cxd4 5.Qxd4 e6 6.Nf3 Nc6 7.Qe4 d6 8.Bb5 dxe5
9.Nxe5 Qc7 10.Nd2 Be7 11.O-O O-O 12.Ndf3 Nxe5 13.Nxe5 Bd6 14.Nf3 Nf6 15.Qh4 Rd8
16.Bg5 Qe7 17.Rad1 h6 18.Bc1 e5 19.Rde1 Bg4 20.Nd2 Bf5 21.Nc4 Bd3 22.Nxd6 Rxd6
23.Bxd3 Rxd3 24.f3 Re8 25.Re2 Qe6 26.Rfe1 Nd7 27.Qe4 Nc5 28.Qb4 b6 29.Be3 Rc8
30.b3 f6 31.c4 Qc6 32.Qa3 a5 33.f4 exf4 34.Bxf4 a4 35.Re3 Ra8 36.Qb2 axb3
37.axb3 Rxe3 38.Rxe3 Qd7 39.h3 Qf5 40.Bg3 Rd8 41.Qe2 Qb1+ 42.Kh2 Rd1 43.Be1 Nxb3
44.Rxb3 Qxb3 45.Qe8+ Kh7  1/2-1/2

[Event "XIII TCh-RUS 1st League"]
[Site "Sochi RUS"]
[Date "2006.04.23"]
[Round "4"]
[White "Yudin,S"]
[Black "Vorobiov,E"]
[Result "1-0"]
[WhiteElo "2442"]
[BlackElo "2540"]

1.e4 c5 2.c3 Nf6 3.e5 Nd5 4.Nf3 Nc6 5.Bc4 Nb6 6.Bb3 c4 7.Bc2 d6 8.exd6 Qxd6
9.O-O g6 10.b3 Bg7 11.Na3 cxb3 12.axb3 O-O 13.d4 Bg4 14.h3 Bxf3 15.Qxf3 e5
16.Nb5 Qd7 17.Ba3 Rfd8 18.dxe5 Nxe5 19.Qe2 Nd5 20.c4 Nf4 21.Qe3 Ned3 22.Bxd3 Nxd3
23.Rad1 a6 24.Nd6 Ne5 25.Rd5 Nc6 26.Re1 Bf8 27.Ne4 Qe6 28.Bxf8 f5 29.Qc3 Rxf8
30.Rd6 Qxe4 31.Rxe4 fxe4 32.c5 Rae8 33.Qc4+ Rf7 34.Re6 Rxe6 35.Qxe6 Kg7 36.Qxe4 h5
37.g3 Rf5 38.Qe3 Re5 39.Qc3 Kf7 40.f4 Re8 41.g4 hxg4 42.hxg4 Rd8 43.Kf2 Rd4
44.Ke3 Rd7 45.f5 gxf5 46.gxf5 Re7+ 47.Kf4 Ke8 48.f6 Rf7 49.Kg5 Nd8 50.Kg6 Rd7
51.Qh3 Rf7 52.Qe3+ Kf8 53.Qd4  1-0

[Event "Classics GMB"]
[Site "Gausdal NOR"]
[Date "2006.04.24"]
[Round "2"]
[White "Muratet Casadevall,A"]
[Black "Vea,O"]
[Result "0-1"]
[WhiteElo "2216"]
[BlackElo "2143"]

1.e4 c5 2.c3 Nf6 3.e5 Nd5 4.d4 e6 5.Nf3 d6 6.c4 Nb4 7.dxc5 dxe5 8.Qa4+ N8c6
9.Nxe5 Bxc5 10.Nxc6 Nxc6 11.Be2 Bd7 12.O-O Nd4 13.Qd1 Bc6 14.Nc3 Qf6 15.Be3 Qg6
16.g3 Rd8 17.Bh5 Qf6 18.Bxd4 Rxd4 19.Qe2 g6 20.Bg4 h5 21.Bh3 Bf3 22.Qc2 h4
23.Bg2 Bxg2  0-1

[Event "XXIV Open"]
[Site "Metz FRA"]
[Date "2006.04.24"]
[Round "3"]
[White "Vandervorst,M"]
[Black "Maruejols,C"]
[Result "1-0"]
[WhiteElo "1926"]
[BlackElo "2035"]

1.e4 c5 2.c3 Nf6 3.e5 Nd5 4.Nf3 Nc6 5.d4 cxd4 6.cxd4 d6 7.Nc3 Nxc3 8.bxc3 dxe5
9.d5 e4 10.Ng5 Ne5 11.Nxe4 g6 12.Qd4 Bg7 13.Bb5+ Bd7 14.Bxd7+ Qxd7 15.Qd1 O-O
16.O-O Rfd8 17.Ba3 b6 18.d6 e6 19.Qb3 Rac8 20.Rad1 Nc4 21.Bc1 h6 22.Bxh6 Qc6
23.Bxg7 Kxg7 24.Rfe1 Nxd6 25.Nxd6 Rxd6 26.Rxd6 Qxd6 27.g3 Qd2 28.Re3 Rd8
29.c4 Qc1+ 30.Kg2 Rd2 31.Rf3 Rb2 32.Qa3 Rb1 33.Qxc1 Rxc1 34.Ra3 a5 35.Ra4 Kf6
36.Kf3 Ke5 37.Ke3 Kd6 38.h4 Kc5 39.Kd3 Rd1+ 40.Ke4 Re1+ 41.Kd3 e5 42.Ra3 f5
43.Rb3 Rd1+ 44.Ke2 Rd4 45.Rb5+ Kxc4 46.Rxb6 Rg4 47.a4 Kc3 48.Ke3 Rxa4 49.Rxg6 Rb4
50.h5 Rb7 51.Ra6 Kb4 52.Re6 Rh7 53.h6 a4 54.Ra6 a3 55.f3 Kb3 56.g4 fxg4 57.fxg4 Kb2
58.g5 a2 59.Ke4 a1=Q 60.Rxa1 Kxa1 61.Kxe5 Kb2 62.Kf6 Kc3 63.Kg6 Ra7 64.h7  1-0

[Event "XIII TCh-RUS 1st League"]
[Site "Sochi RUS"]
[Date "2006.04.24"]
[Round "5"]
[White "Kuligin,E"]
[Black "Maslak,K"]
[Result "1/2-1/2"]
[WhiteElo "2334"]
[BlackElo "2549"]

1.e4 c5 2.c3 Nf6 3.e5 Nd5 4.d4 cxd4 5.Qxd4 e6 6.Bc4 Nc6 7.Qe4 f5 8.Qe2 Nde7
9.Nf3 Ng6 10.O-O Qc7 11.Re1 Be7 12.Nbd2 b6 13.b4 Bb7 14.a4 O-O 15.Ba3 Nd8
16.a5 Rc8 17.axb6 axb6 18.Bb5 Nf7 19.c4 Rfd8 20.c5 bxc5 21.bxc5 Bxc5 22.Rac1 Bxf3
23.Nxf3 Qb6 24.Bxc5 Rxc5 25.Rxc5 Qxc5 26.h4 Nf4 27.Qf1 Qc7 28.g3 Nd5 29.Rc1 Qa7
30.Ra1 Qc5 31.Qc4 Qxc4 32.Bxc4 Nb6 33.Bb5 Kf8 34.Ra7 Ke7 35.Rb7 Nc8 36.Rc7 Nb6
37.Rb7 Nc8 38.Rc7 Nb6 39.Rb7  1/2-1/2

[Event "Master Open"]
[Site "Cutro ITA"]
[Date "2006.04.26"]
[Round "4"]
[White "Bentivegna,F"]
[Black "Voiska,M"]
[Result "1-0"]
[WhiteElo "2287"]
[BlackElo "2314"]

1.e4 c5 2.c3 Nf6 3.e5 Nd5 4.d4 cxd4 5.Nf3 e6 6.cxd4 d6 7.Bc4 Nb6 8.Bb3 dxe5
9.dxe5 Na6 10.O-O Nc5 11.Bc2 Qxd1 12.Rxd1 Bd7 13.Nc3 Rc8 14.Nd4 Be7 15.f4 Nca4
16.Ne4 Nd5 17.f5 exf5 18.Nd6+ Bxd6 19.exd6 O-O 20.Bxf5 Rcd8 21.Bg5 f6 22.Ne6 fxg5
23.Nxf8 Bxf5 24.Rxd5 g6 25.g4 Bxg4 26.Rd4 Bf5 27.Rxa4 Kxf8 28.Rd4 h5 29.Rc1 Bd7
30.Rc7 Bc6 31.Kf2 Rd7 32.Rxd7 Bxd7 33.Rd5 Ke8 34.Rxg5 Bf5 35.Ke3 Kd7 36.Kf4 Kxd6
37.Rxf5 gxf5 38.Kxf5 a5 39.Kg5 Ke5 40.Kxh5 Kf5 41.a4  1-0

[Event "Classics GMA"]
[Site "Gausdal NOR"]
[Date "2006.04.26"]
[Round "4"]
[White "Rozentalis,E"]
[Black "Karlsson,L"]
[Result "1-0"]
[WhiteElo "2596"]
[BlackElo "2506"]

1.e4 c5 2.c3 Nf6 3.e5 Nd5 4.Nf3 Nc6 5.Bc4 Nb6 6.Bb3 c4 7.Bc2 Qc7 8.Qe2 g5
9.h3 Bg7 10.O-O g4 11.hxg4 Nxe5 12.Nxe5 Qxe5 13.Qxe5 Bxe5 14.d4 cxd3 15.Bxd3 d6
16.g5 Bg7 17.Re1 h6 18.g6 f5 19.Na3 a6 20.Bc2 Rf8 21.Be3 Nd7 22.Nc4 Kd8 23.Rad1 Kc7
24.Bf4 e5 25.Nxd6 exf4 26.Ne8+ Rxe8 27.Rxe8 Bf6 28.Bxf5 Ne5 29.g7 Bxg7 30.Re7+ Kb6
31.Bxc8 Rxc8 32.Rxg7 Re8 33.Kf1 Nc6 34.Rg6 Kc5 35.Rxh6 Re5 36.Rf6 Re4 37.b3 a5
38.Re1 Rxe1+ 39.Kxe1 Ne5 40.Ke2  1-0

[Event "XIII TCh-RUS"]
[Site "Sochi RUS"]
[Date "2006.04.26"]
[Round "7"]
[White "Sveshnikov,E"]
[Black "Shaposhnikov,E"]
[Result "1/2-1/2"]
[WhiteElo "2524"]
[BlackElo "2538"]

1.e4 c5 2.c3 Nf6 3.e5 Nd5 4.Nf3 d6 5.d4 cxd4 6.Qxd4 e6 7.Nbd2 a6 8.c4 Nb4
9.Qc3 dxe5 10.Nxe5 Qd4 11.Qxd4 Nc2+ 12.Kd1 Nxd4 13.b3 f6 14.Nef3 Nxf3 15.Nxf3 e5
16.Be3 Nc6 17.Bb6 Bf5 18.Nh4 Be6 19.Bd3 g6 20.Be4 Rc8 21.Nf3 Be7  1/2-1/2

[Event "8th Dubai Open"]
[Site "Dubai UAE"]
[Date "2006.04.27"]
[Round "5"]
[White "Paridar,S"]
[Black "Neverov,V"]
[Result "1/2-1/2"]
[WhiteElo "2210"]
[BlackElo "2572"]

1.e4 c5 2.c3 Nf6 3.e5 Nd5 4.d4 cxd4 5.Nf3 e6 6.cxd4 b6 7.Nc3 Nxc3 8.bxc3 Bb7
9.Bd2 Qc7 10.Bd3 d6 11.O-O Nd7 12.Ng5 dxe5 13.Qh5 g6 14.Qh3 Be7 15.Rfe1 a6
16.c4 Qd6 17.Rad1 Nc5 18.Bc2  1/2-1/2

[Event "XIII TCh-RUS"]
[Site "Sochi RUS"]
[Date "2006.04.27"]
[Round "8"]
[White "Sveshnikov,E"]
[Black "Korneev,O"]
[Result "1/2-1/2"]
[WhiteElo "2524"]
[BlackElo "2671"]

1.e4 c5 2.c3 Nf6 3.e5 Nd5 4.d4 cxd4 5.cxd4 d6 6.Nf3 Nc6 7.Nc3 dxe5 8.dxe5 Nxc3
9.Qxd8+ Nxd8 10.bxc3 Bd7 11.Be3 e6 12.Nd4 Rc8 13.Kd2 Bc5 14.Bd3 Nc6 15.Nxc6 Bxe3+
16.Kxe3 Bxc6 17.c4 Ke7 18.f3 f6 19.exf6+  1/2-1/2

[Event "VII TCh-RUS w"]
[Site "Sochi RUS"]
[Date "2006.04.27"]
[Round "8"]
[White "Mokhova,K"]
[Black "Kursova,M"]
[Result "0-1"]
[WhiteElo "2156"]
[BlackElo "2333"]

1.e4 c5 2.c3 Nf6 3.e5 Nd5 4.d4 cxd4 5.Nf3 e6 6.cxd4 d6 7.Bc4 Nc6 8.O-O Be7
9.Qe2 O-O 10.Nc3 dxe5 11.dxe5 Nxc3 12.bxc3 Qa5 13.Bd2 Bd7 14.Qe4 Qa4 15.Bg5 Rad8
16.Rab1 h6 17.Be3 Na5 18.Bd3 Qxe4 19.Bxe4 b6 20.Nd2 Bc6 21.Bc2 Bd5 22.Bb3 Rd7
23.Rbc1 Rc8 24.c4 Rdc7 25.c5 Nxb3 26.axb3 Bxc5 27.Bxc5 Rxc5 28.Ra1 a5 29.f3 Rc2
30.Rfd1 Rb2  0-1

[Event "8th Dubai Open"]
[Site "Dubai UAE"]
[Date "2006.04.28"]
[Round "6"]
[White "Lavasani,J"]
[Black "Babaev,Ra"]
[Result "0-1"]
[WhiteElo "2032"]
[BlackElo "2481"]

1.e4 c5 2.c3 Nf6 3.e5 Nd5 4.d4 cxd4 5.cxd4 d6 6.Nf3 Nc6 7.exd6 Qxd6 8.a3 g6
9.Be2 Bg7 10.O-O O-O 11.Be3 Nxe3 12.fxe3 Bh6 13.Qd3 e5 14.d5 e4 15.Qxe4 Bf5
16.Qc4 Ne5 17.Nxe5 Qxe5 18.Nc3 Rac8 19.Qb5 a6 20.Qb3 Qxe3+ 21.Kh1 Rxc3 22.bxc3 Qxe2
23.c4 Be4 24.Qh3 Bg7 25.Rac1 Bb2 26.Rfe1 Qd3 27.Re3 Qd4 28.Rce1 f5 29.Rb3 Qd2
30.Rg1 Bd4 31.Rxb7 h5 32.Qg3 f4 33.Qh3 Bf5 34.Qh4 f3 35.gxf3 Bxg1 36.Kxg1 Qd1+
37.Kg2 Qe2+ 38.Kg1 Bd3 39.Qf2 Qd1+ 40.Kg2 Bxc4 41.Rd7 Bxd5  0-1

[Event "2nd Halkidiki Open"]
[Site "Kalithea GRE"]
[Date "2006.04.28"]
[Round "5"]
[White "Liiva,R"]
[Black "Itkis,B"]
[Result "1/2-1/2"]
[WhiteElo "2411"]
[BlackElo "2490"]

1.e4 c5 2.c3 Nf6 3.e5 Nd5 4.d4 cxd4 5.cxd4 d6 6.Nf3 e6 7.Bd3 Nb4 8.Be2 dxe5
9.dxe5 Qxd1+ 10.Kxd1 Bc5 11.a3 N4c6 12.Ke1 O-O 13.b4 Bb6 14.Bb2 Nd7 15.Nbd2 Bc7
16.Nc4 Nb6 17.Nxb6 Bxb6 18.Bd3 Bd7 19.Ke2 Rac8 20.Rhd1 Rfd8 21.Rac1 h6 22.Be4 a6
23.Ke1 Be8 24.Nd2 Bd4 25.Bxd4 Rxd4 26.f3 f5 27.exf6 gxf6 28.Nb3 Rxd1+ 29.Kxd1 f5
30.Bb1 Rd8+ 31.Ke1 b6 32.Rd1 Rxd1+ 33.Kxd1 Kf7 34.Bd3 a5 35.bxa5 Nxa5 36.Nxa5 bxa5
37.Kd2 Ke7 38.f4 Kd6 39.Kc3 Bc6 40.g3 Kc5 41.Bf1 Bd5 42.h3 Bf3 43.Bc4 Bg2
44.Bxe6  1/2-1/2

[Event "2nd Halkidiki Open"]
[Site "Kalithea GRE"]
[Date "2006.04.29"]
[Round "6"]
[White "Kalaitzoglou,P"]
[Black "Iatros,A"]
[Result "1-0"]
[WhiteElo "2160"]
[BlackElo "2010"]

1.e4 c5 2.c3 Nf6 3.e5 Nd5 4.d4 cxd4 5.Nf3 Nc6 6.cxd4 d6 7.Bc4 Nb6 8.Bb3 e6
9.O-O Be7 10.Qe2 dxe5 11.dxe5 O-O 12.Nc3 Qc7 13.Nb5 Qb8 14.Qe4 a6 15.Nc3 Rd8
16.Bg5 Bd7 17.Bc2 g6 18.Qh4 Bxg5 19.Nxg5 h5 20.f4 Kg7 21.Nxf7 Kxf7 22.Qf6+ Kg8
23.Qxg6+ Kf8 24.Qh6+  1-0

[Event "XXIV Open"]
[Site "Metz FRA"]
[Date "2006.04.29"]
[Round "8"]
[White "Karpatchev,A"]
[Black "Wirig,A"]
[Result "1-0"]
[WhiteElo "2521"]
[BlackElo "2409"]

1.e4 c5 2.c3 Nf6 3.e5 Nd5 4.d4 cxd4 5.cxd4 e6 6.Nf3 d6 7.Bc4 Nb6 8.Bd3 dxe5
9.dxe5 N8d7 10.Qe2 Nc5 11.Bc2 Nd5 12.O-O Bd7 13.a3 Rc8 14.Bd2 Qb6 15.b4 Na4
16.Rc1 Be7 17.Qe4 h6 18.h4 g6 19.Qe1 Qd8 20.g3 g5 21.h5 Kf8 22.Bb3 Rxc1 23.Bxc1 Nab6
24.Nbd2 Ba4 25.Bb2 Bxb3 26.Nxb3 Nc4 27.Bd4 a6 28.Bc5 b6 29.Bxe7+ Qxe7 30.Qe4 b5
31.Nfd4 Qd8 32.Nc5 Qc8 33.Rc1 Kg7 34.a4 Nc7 35.axb5 axb5 36.Nxb5 Nxb5 37.Qxc4 Qb8
38.Rd1 Na3 39.Nxe6+ Kg8 40.Qb3 fxe6 41.Qxe6+ Kf8  1-0

[Event "XIII TCh-RUS"]
[Site "Sochi RUS"]
[Date "2006.04.29"]
[Round "10"]
[White "Deviatkin,A"]
[Black "Novikov,St"]
[Result "1-0"]
[WhiteElo "2531"]
[BlackElo "2545"]

1.e4 c5 2.c3 Nf6 3.e5 Nd5 4.d4 cxd4 5.Qxd4 e6 6.Nf3 d6 7.Nbd2 Nc6 8.Bb5 Bd7
9.Bxc6 Bxc6 10.Nc4 dxe5 11.Ncxe5 Qb6 12.Nxc6 bxc6 13.Qe4 Qa6 14.Qe2 Qxe2+
15.Kxe2 Bd6 16.Rd1 Ke7 17.c4 Nb6 18.b3 f6 19.Be3 Nd7 20.Rd3 Rhd8 21.Rad1 Bb4
22.Ne1 Bxe1 23.Kxe1 a6 24.Rd6 Rac8 25.f4 f5 26.b4 h6 27.Ke2 e5 28.fxe5 Nxe5
29.Rxd8 Rxd8 30.Rxd8 Kxd8 31.Bd4 Nxc4 32.Kd3 Nd6 33.Bxg7 h5 34.Kd4 Ne4 35.Ke5 Nc3
36.a3 Nb5 37.a4 Nc3 38.Kxf5 Nd5 39.Kg5 Nxb4 40.Kxh5 c5 41.h4 Nd5 42.Kg6 c4
43.Kf7  1-0

[Event "Classics GMB"]
[Site "Gausdal NOR"]
[Date "2006.04.30"]
[Round "8"]
[White "Muratet Casadevall,A"]
[Black "Hanssen,G"]
[Result "0-1"]
[WhiteElo "2216"]
[BlackElo "2254"]

1.e4 c5 2.c3 Nf6 3.e5 Nd5 4.d4 cxd4 5.Bc4 Nb6 6.Bb3 e6 7.Nf3 d6 8.exd6 Nc6
9.O-O Bxd6 10.Nxd4 O-O 11.Nf3 Qc7 12.Qe2 Bf4 13.Nbd2 Bd7 14.g3 Bh6 15.Ne4 Bxc1
16.Raxc1 Rad8 17.Bc2 h6 18.Rfe1 e5 19.Nh4 Bc8 20.Qh5 Nd5 21.Rcd1 Qe7 22.Rxd5 Rxd5
23.Bb3 Rfd8 24.Bxd5 Rxd5 25.Nf5 Qe6 26.g4 Rd8 27.Qh4 Qxa2 28.Nf6+ gxf6 29.Qxh6 Bxf5
30.gxf5 Qc4 31.Qxf6 Qg4+ 32.Kh1 Rd1 33.Rxd1 Qxd1+ 34.Kg2 Qg4+ 35.Kf1 e4 36.h4 e3
37.fxe3 Qf3+ 38.Kg1 Qxe3+ 39.Kg2 Ne5 40.h5 Qf3+ 41.Kg1 Qf2+ 42.Kxf2 Ng4+
43.Kf3 Nxf6 44.Kf4 Nxh5+ 45.Ke5 Ng3 46.Kf4 Ne2+ 47.Ke3 Nxc3 48.bxc3 Kg7 49.c4 Kf6
50.Ke4 a5  0-1